000 00600nam a2200193Ii 4500
003 JO-AjNU
008 230605s9999||||xx |||||||||||||| ||und||
040 _aJO-AjNU
_bara
_erda
_cJO-AjNU
041 _aara
050 1 4 _aTN759.S5252 2001
100 3 _aالشمالي ، خالد خيري ,
_eauthor
_97502
245 0 0 _aالمعادن النفيسة والعناصر المشعة
264 3 1 _aد.م: د.ن 2001
300 _a380ص
336 _atext
_btxt
_2rdacontent
337 _aunmediated
_bn
_2rdamedia
338 _avolume
_bnc
_2rdacarrier
650 4 _aالمعادن الثمينه
_97503
999 _aA311
_c3879
_d3879